<?xml version="1.0" encoding="UTF-8"?>
<record
    xmlns:xsi="http://www.w3.org/2001/XMLSchema-instance"
    xsi:schemaLocation="http://www.loc.gov/MARC21/slim http://www.loc.gov/standards/marcxml/schema/MARC21slim.xsd"
    xmlns="http://www.loc.gov/MARC21/slim">

  <leader>00565nam a22001811c 4500</leader>
  <controlfield tag="001">a987663841</controlfield>
  <controlfield tag="008">090529s2009    gw ||||        000u rus d</controlfield>
  <datafield tag="041" ind1=" " ind2=" ">
    <subfield code="a">rus</subfield>
  </datafield>
  <datafield tag="245" ind1="0" ind2="0">
    <subfield code="a">Nacional'naja identeti&#x10D;nost' &#x301;Rossii i demografi&#x10D;eskij krisis :</subfield>
    <subfield code="b">materialy Tret'ej Vserossijskoj nau&#x10D;noj konferencii (Kazan', 13-14 nojabrja 2008 g.)</subfield>
  </datafield>
  <datafield tag="264" ind1=" " ind2=" ">
    <subfield code="a">Moskva :</subfield>
    <subfield code="b">Nau&#x10D;nyj ekspert,</subfield>
    <subfield code="c">2009</subfield>
  </datafield>
  <datafield tag="300" ind1=" " ind2=" ">
    <subfield code="a">840 S.</subfield>
  </datafield>
  <datafield tag="650" ind1=" " ind2="0">
    <subfield code="a">Demographie</subfield>
  </datafield>
  <datafield tag="650" ind1=" " ind2="0">
    <subfield code="a">Familie</subfield>
  </datafield>
  <datafield tag="700" ind1="1" ind2=" ">
    <subfield code="a">Sula&#x161;kin, S. S.</subfield>
    <subfield code="e">HerausgeberIn</subfield>
  </datafield>
  <datafield tag="942" ind1=" " ind2=" ">
    <subfield code="c">MG</subfield>
  </datafield>
  <datafield tag="040" ind1=" " ind2=" ">
    <subfield code="c">RU-10907106</subfield>
  </datafield>
  <controlfield tag="003">RU-10907106</controlfield>
  <datafield tag="999" ind1=" " ind2=" ">
    <subfield code="c">18082</subfield>
    <subfield code="d">18082</subfield>
  </datafield>
  <datafield tag="952" ind1=" " ind2=" ">
    <subfield code="0">0</subfield>
    <subfield code="1">0</subfield>
    <subfield code="2">z</subfield>
    <subfield code="4">0</subfield>
    <subfield code="7">0</subfield>
    <subfield code="a">DHIM</subfield>
    <subfield code="b">DHIM</subfield>
    <subfield code="c">GEN-2</subfield>
    <subfield code="d">2009-05-29</subfield>
    <subfield code="i">09-01603</subfield>
    <subfield code="o">R 72 f Sul</subfield>
    <subfield code="p">E004015079099A2B</subfield>
    <subfield code="r">2021-02-23 00:00:00</subfield>
    <subfield code="w">2021-03-22</subfield>
    <subfield code="y">MG</subfield>
  </datafield>
</record>
